000 00267nam a22001097a 4500
008 170124b xxu||||| |||| 00| 0 eng d
020 _a9780323045902
041 _aeng
080 _a618.2
245 _a2007 MOSBY;S NURSING DRUG GUIDE REFERENCE
_cMOSBY
942 _2udc
_cBK
999 _c3539
_d3539